| 000 | 00586nam a22001817a 4500 | ||
|---|---|---|---|
| 003 | OSt | ||
| 005 | 20180116183049.0 | ||
| 008 | 160727b xxu||||| |||| 00| 0 eng d | ||
| 020 | _a9781138805194 | ||
| 040 | _c0 | ||
| 082 | _a658.3 WAP 2016 | ||
| 100 | _aRobert Wapshott | ||
| 245 |
_aManaging Human Resources In Small And Medium-Sized Enterprises : _bEntrepreneurshio and The Employment Relationship _cRobert Wapshott |
||
| 260 |
_aLondon _bRoutledge _c2016 |
||
| 300 |
_a163 p. _bPB |
||
| 440 | _aManaging Human Resources In Small And Medium-Sized Enterprises : | ||
| 942 |
_2ddc _cBK |
||
| 999 |
_c351577 _d351577 |
||